Normal view
MARC view
Entry Personal Name
001 - CONTROL NUMBER
- control field: 6293
003 - CONTROL NUMBER IDENTIFIER
- control field: ARRUPE
005 - DATE AND TIME OF LATEST TRANSACTION
- control field: 20131220135956.0
008 - FIXED-LENGTH DATA ELEMENTS
- fixed length control field: 131220|| aca||aabn | a|a d
040 ## - CATALOGING SOURCE
- Original cataloging agency: ARRUPE
- Transcribing agency: ARRUPE
100 ## - HEADING--PERSONAL NAME
- Personal name: Campion, Charles Thomas,
- Dates associated with a name: 1862- [from old catalog]
- Relator term: tr.
670 ## - SOURCE DATA FOUND
- Source citation: Work cat.: (ARRUPE)0: Schweitzer, Albert, 1875-1965. 6285, On the edge of the primeval forest & More from the primeval forest., 1948.